New P.O.P. design 1 (Record no. 12190)

MARC details
000 -CABECERA
campo de control de longitud fija 00693nam a22001937a 4500
003 - IDENTIFICADOR DEL NÚMERO DE CONTROL
campo de control OSt
005 - FECHA Y HORA DE LA ÚLTIMA TRANSACCIÓN
campo de control 20260530113913.0
008 - DATOS DE LONGITUD FIJA--INFORMACIÓN GENERAL
campo de control de longitud fija 260506b2006 |||||||| |||| 00| 0 JA d
020 ## - NÚMERO INTERNACIONAL ESTÁNDAR DEL LIBRO
Número Internacional Estándar del Libro 494875983X
035 ## - NÚMERO DE CONTROL DEL SISTEMA
Número de control de sistema MX001001095782
040 ## - FUENTE DE LA CATALOGACIÓN
Centro catalogador/agencia de origen ICI
Lengua de catalogación SPA
Centro/agencia transcriptor ICI
041 ## - CÓDIGO DE LENGUA
Código de lengua del texto/banda sonora o título independiente JA
050 ## - SIGNATURA TOPOGRÁFICA DE LA BIBLIOTECA DEL CONGRESO
Número de clasificación HF5845
Número de documento/Ítem N48
245 ## - MENCIÓN DE TÍTULO
Título New P.O.P. design 1
Resto del título counter P.O.P/floor P.O.P./moving & neon P.O.P./hanging P.O.P./swing & others P.O.P.
300 ## - DESCRIPCIÓN FÍSICA
Extensión 213 páginas :
Otras características físicas ilustraciones a color ;
Material acompañante/anejo 1 disco óptico láser para computadora (4 3/4 plg.)
650 ## - PUNTO DE ACCESO ADICIONAL DE MATERIA--TÉRMINO DE MATERIA
Término de materia o nombre geográfico como elemento de entrada Puestos de venta
Subdivisión de forma Obras ilustradas
Subdivisión general Publicidad
Subdivisión geográfica Japón
9 (RLIN) 33681
650 ## - PUNTO DE ACCESO ADICIONAL DE MATERIA--TÉRMINO DE MATERIA
Término de materia o nombre geográfico como elemento de entrada Arte comercial
Subdivisión de forma Obras ilustradas
Subdivisión geográfica Japón
9 (RLIN) 33682
942 ## - ELEMENTOS DE PUNTO DE ACCESO ADICIONAL (KOHA)
Fuente del sistema de clasificación o colocación Library of Congress Classification
Tipo de ítem Koha
Suprimir en OPAC 1

No items available.